CRISTO, CUORE DEL MONDO. - LA MISSIONE DEL CRISTIANO. (Record n. 281425)

Dettagli MARC
000 -LEADER
fixed length control field 01250nam a2200229Ia 4500
001 - CONTROL NUMBER
control field L269-22321
003 - CONTROL NUMBER IDENTIFIER
control field IT-CnALBA
008 - FIXED-LENGTH DATA ELEMENTS--GENERAL INFORMATION
fixed length control field 170116s9999||||xx |||||||||||||| ||und||
040 ## - CATALOGING SOURCE
Original cataloging agency IT-CnALBA
Transcribing agency IT-CnALBA
041 ## - LANGUAGE CODE
Language code of text/sound track or separate title ITALIANO
999 ## - SYSTEM CONTROL NUMBERS (KOHA)
Koha Dewey Subclass [OBSOLETE] NO
100 ## - MAIN ENTRY--PERSONAL NAME
Personal name TALIERCIO GIUSEPPE, MONSIGNORE
245 #0 - TITLE STATEMENT
Title CRISTO, CUORE DEL MONDO. - LA MISSIONE DEL CRISTIANO.
250 ## - EDITION STATEMENT
Edition statement 1a ed.
260 ## - PUBLICATION, DISTRIBUTION, ETC. (IMPRINT)
Place of publication, distribution, etc. CINISELLO BALSAMO (MI)
Name of publisher, distributor, etc. EDIZIONI PAOLINE
Date of publication, distribution, etc. 1992 [1° Ed.:1992 - Ed.Ling.Originale: 1992]
300 ## - PHYSICAL DESCRIPTION
Extent 158 p. (prefazione: 5)
500 ## - GENERAL NOTE
General note VOCAZIONE UNIVERSALE. CHIAMATA E RISPOSTA. SPIRITUALITÀ DEL CUORE. FONDAMENTO BIBLICO E PATRISTICO. SANGUE ED ACQUA. IL CUORE NELLA BIBBIA. MESSAGGIO INCARNAZIONE. APOSTOLI DI MISERICORDIA. LA SOFFERENZA. IMPEGNO CRISTIANO. SPERANZA. CONSACRAZIONE DELLA F
501 ## - WITH NOTE
With note Società San Paolo EM - Piazza San Paolo, 14 - 12051 ALBA (CN) (non commercial uses only) ® Copyright 2017
520 ## - SUMMARY, ETC.
Summary, etc. VOCAZIONE UNIVERSALE. CHIAMATA E RISPOSTA. SPIRITUALITÀ DEL CUORE. FONDAMENTO BIBLICO E PATRISTICO. SANGUE ED ACQUA. IL CUORE NELLA BIBBIA. MESSAGGIO INCARNAZIONE. APOSTOLI DI MISERICORDIA. LA SOFFERENZA. IMPEGNO CRISTIANO. SPERANZA. CONSACRAZIONE DELLA F
650 ## - SUBJECT ADDED ENTRY--TOPICAL TERM
Topical term or geographic name as entry element EVANGELIZZAZIONE
942 ## - ADDED ENTRY ELEMENTS (KOHA)
Koha item type LIBRO
957 ## -
-- 1
999 ## - SYSTEM CONTROL NUMBERS (KOHA)
-- Copie: 1
Dati di copia
Withdrawn status Lost status Damaged status Not for loan Home library Current library Date acquired Total Checkouts Full call number Date last seen Price effective from Koha item type Public note
    Buone Condizioni Not For Loan ALBA - Biblioteca ALBA - Biblioteca 16/01/2017   L269-22321 16/01/2017 16/01/2017 LIBRO (data import: 16 gennaio 2017) - By Epidotti, Vaglietti.
CREDITS: SOCIETA' SAN PAOLO Via A.Severo, 58 - ROMA (RM) & PERIODICI SAN PAOLO SRL Via Giotto, 36 MILANO & CISF Via Giotto, 36 MILANO & EDIZIONI SAN PAOLO SRL,  Piazza Soncino, 5 CINISELLO BALSAMO (MI) -- ITALY